000
00299nam a22001217a 4500
008
140207t xxu||||| |||| 00| 0 eng d
020
_a
978-969-407-341-5
100
_a
Prof. M.M. Sharif
_9
654
245
_a
A history of muslim Philosophy
300
_a
1792
440
_v
vol. II.
_9
655
942
_2
ddc
_c
BK
999
_c
16914
_d
16914